000 07390nam a22005777a 4500
005 20120213151253.0
010 _aB-478832-861
020 _a9788173095757
_c65.00
035 _aB-478832-861
037 _bब्लूबेरी बुक्स
082 _a
100 _aमनोज दास
_951687
245 _aचौथा सखा /
_cमनोज दास;सुधा सिन्हा द्वारा अनुदित
260 _aनई दिल्ली
_bसस्ता साहित्य मंडल
_c2011
270 _aएन-77, पहली मंजिल, कनॉट सर्कस
_bनई दिल्ली
_e110001
_k23310505
300 _a48पृ
_c24 सेमी(अजिल्द)
_bसचित्र
700 _aसिन्हा, सुधा
_941778
942 _2ddc
_cCH
_h
_mमनोज
999 _c62648
_d62648